Indian women contemporary essays / (Record no. 152317)

MARC details
000 -LEADER
fixed length control field 00874nam a22002177a 4500
005 - DATE AND TIME OF LATEST TRANSACTION
control field 20180528140500.0
010 ## - LCCN (DPL NO)
LC control number B-680830-834
020 ## - INTERNATIONAL STANDARD BOOK NUMBER
International Standard Book Number 9788123019796
Terms of availability 335.00
035 ## - SYSTEM CONTROL NUMBER
System control number EN-99534
037 ## - SOURCE OF ACQUISITION
Source of stock number/acquisition Bookwell
Stock number dpl
082 ## - DEWEY DECIMAL CLASSIFICATION NUMBER
Classification number 605.40954
245 ## - TITLE STATEMENT
Title Indian women contemporary essays /
Statement of responsibility, etc edited by Devaki Jain [and] C.P. Sujaya
260 ## - PUBLICATION, DISTRIBUTION, ETC. (IMPRINT)
Place of publication, distribution, etc New Delhi
Name of publisher, distributor, etc Publication Division Minstry of Information and Broadcasting Govt Of India
Date of publication, distribution, etc 2015
270 ## - ADDRESS
Address Soochna Bhawan CGO Complex,Lodhi Road
City New Delhi
Postal code 110003
300 ## - PHYSICAL DESCRIPTION
Extent 235p. :
Other physical details ill.
Dimensions 23cm(Hb)
500 ## - GENERAL NOTE
General note Includes index
700 ## - ADDED ENTRY--PERSONAL NAME
Personal name Jain, Devaki
700 ## - ADDED ENTRY--PERSONAL NAME
Personal name Sujaya, C.P.
942 ## - ADDED ENTRY ELEMENTS (KOHA)
Source of classification or shelving scheme Dewey Decimal Classification
Item type English Books
Classification part 305.40954
Call number suffix IND
Holdings
Withdrawn status Lost status Not for loan Collection code Home library Current library Date acquired Source of acquisition Cost, normal purchase price Full call number Barcode Copy number Cost, replacement price Koha item type
      Non-fiction Ashok Vihar Ashok Vihar 28/05/2018 Bookwell/0730/25.11.2017/643/20.11.2017/27.11.2017 335.00 305.40954 IND B-680831 1 335.00 English Books
      Non-fiction Central Library Central Library 28/05/2018 Bookwell/0730/25.11.2017/643/20.11.2017/27.11.2017 335.00 305.40954 IND B-680830 1 335.00 English Books
      Non-fiction Janak Puri Janak Puri 28/05/2018 Bookwell/0730/25.11.2017/643/20.11.2017/27.11.2017 335.00 305.40954 IND B-680833 1 335.00 English Books
      Non-fiction Patel Nagar Patel Nagar 28/05/2018 Bookwell/0730/25.11.2017/643/20.11.2017/27.11.2017 335.00 305.40954 IND B-680832 1 335.00 English Books
      Non-fiction Sarojini Nagar Sarojini Nagar 28/05/2018 Bookwell/0730/25.11.2017/643/20.11.2017/27.11.2017 335.00 305.40954 IND B-680834 1 335.00 English Books

© Delhi Public Library
Hit Counter
free hit counter